Normal view
MARC view
- Romney, Marshall B.
Entry Personal Name
001 - CONTROL NUMBER
- control field: 15115
003 - CONTROL NUMBER IDENTIFIER
- control field: ByWater
005 - DATE AND TIME OF LATEST TRANSACTION
- control field: 20180117085314.0
008 - FIXED-LENGTH DATA ELEMENTS
- fixed length control field: 180117|| aca||aabn | a|a d
040 ## - CATALOGING SOURCE
- Original cataloging agency: ByWater
- Transcribing agency: ByWater
100 ## - HEADING--PERSONAL NAME
- Personal name: Romney, Marshall B.
670 ## - SOURCE DATA FOUND
- Source citation: Work cat.: (ByWater): Romney, Marshall B., Accounting information systems, 2017.